LEADER 00935nam0-22003011i-450- 001 990006202840403321 005 20050218132456.0 035 $a000620284 035 $aFED01000620284 035 $a(Aleph)000620284FED01 035 $a000620284 100 $a20000112d1983----km-y0itay50------ba 105 $ay---n---001yy 200 1 $aManuale di Contabilita' di Stato$econ ampi riferimenti all'ordinamento contabile delle regioni, delle provincie, dei comuni e di altri enti pubblici$fANTONIO BENNATI 205 $a10. ed. - 210 $aNapoli$cJovene$d1983 215 $aXXXIX,, 863 p.$d24 cm 676 $a343.034 700 1$aBennati,$bAntonio$07326 801 0$aIT$bUNINA$gRICA$2UNIMARC 901 $aBK 912 $a990006202840403321 952 $aXIV E 88$b115816$fFGBC 952 $aDono Dal Negro 73$b5698$fDDA 959 $aDDA 959 $aFGBC 996 $aManuale di contabilità di Stato$963525 997 $aUNINA LEADER 01369nam--2200421---450- 001 990000276250203316 005 20090715115523.0 010 $a88-324-4048-2 035 $a0027625 035 $aUSA010027625 035 $a(ALEPH)000027625USA01 035 $a0027625 100 $a20001013d2000----km-y0itay0103----ba 101 0 $aita 102 $aIT 105 $a||||||||001yy 200 1 $a<>associazione in partecipazione$edisciplina civilistica del contratto, profili fiscali, adempimenti contabili, formulario$fMarco Levis, Emanuela Gromis di Trana 205 $a3. ed 210 $aMilano$cIl sole 24 ore$dcopyr. 2000 215 $aXI, 208, 7 p.$d24 cm 225 2 $aSocietáa 410 0$12001$aSocietáa 606 $aAssociazione in partecipazione$xGuide pratiche 676 $a346.450682 700 1$aLEVIS,$bMarco$0381675 701 1$aGROMIS DI TRANA,$bEmanuela$0541836 801 0$aIT$bsalbc$gISBD 912 $a990000276250203316 951 $aXXV.1.H 281 (IG I 1630)$b26847 G.$cXXV.1.H 281 (IG I)$d00006733 959 $aBK 969 $aGIU 979 $aTAMI$b40$c20001013$lUSA01$h1236 979 $c20001110$lUSA01$h1716 979 $c20020403$lUSA01$h1635 979 $aPATRY$b90$c20040406$lUSA01$h1619 979 $aRSIAV5$b90$c20090715$lUSA01$h1155 996 $aAssociazione in partecipazione$9881844 997 $aUNISA LEADER 01065nam--2200349---450- 001 990001476840203316 005 20040304112632.0 035 $a000147684 035 $aUSA01000147684 035 $a(ALEPH)000147684USA01 035 $a000147684 100 $a20040304d1925----km-y0itay0103----ba 101 0 $aita 102 $aIT 105 $a||||||||001yy 200 1 $aLuigi Dottesio$eper la lapide commemorativa scoperta nell'atrio del R. Istituto Veneto il 6 dicembre 1925$fVincenzo Crescini 210 $aVenezia$cFerrari$d1925 215 $a6 p.$d24 cm 300 $aEstratto da: Atti del Reale Istituto veneto di scienze, Lettere ad Arti 410 0$12001 454 1$12001 461 1$1001-------$12001 700 1$aCRESCINI,$bVincenzo$0157615 801 0$aIT$bsalbc$gISBD 912 $a990001476840203316 951 $aV F R Misc III/33$b235 L.M.$cV F R Misc 959 $aBK 969 $aUMA 979 $aSIAV5$b10$c20040304$lUSA01$h1126 979 $aPATRY$b90$c20040406$lUSA01$h1743 996 $aLuigi Dottesio$9937139 997 $aUNISA